ბათუმის შოთა რუსთაველის სახელმწიფო უნივერსიტეტის ბიბლიოთეკა

ჩანაწერი Personal Name

ჩანაწერთა რაოდენობა, რომელიც გამოყენებულია: 5

001 - CONTROL NUMBER

  • control field: 11892

003 - CONTROL NUMBER IDENTIFIER

  • control field: GE_BSU

005 - DATE AND TIME OF LATEST TRANSACTION

  • control field: 20210525175225.0

008 - FIXED-LENGTH DATA ELEMENTS

  • fixed length control field: 210525|| aca||aabn | a|a d

040 ## - CATALOGING SOURCE

  • Original cataloging agency: GE_BSU
  • Transcribing agency: GE_BSU

100 ## - HEADING--PERSONAL NAME

  • Personal name: ფროიდი, ზიგმუნდ

670 ## - SOURCE DATA FOUND

  • Source citation: Work cat.: (GE_BSU)53816: ფროიდი, ზიგმუნდ, მასების ფსიქოლოგია და მე - ს ანალიზი /